| 000 | 01181nam0a22002651i 4500 | ||
|---|---|---|---|
| 001 | rc\3784143 | ||
| 005 | 20240921143835.0 | ||
| 021 |
_aRU _b[75-22510а] |
||
| 035 | _a(NLR Aleph) 007232819 | ||
| 090 |
_a7732787 _c7732787 |
||
| 100 | _a20120207d1975 |||y0rusy50 ca | ||
| 101 | 0 | _arus | |
| 102 | _aRU | ||
| 105 | _ay d ||||| | ||
| 200 | 1 |
_aЮжнороссийская промышленность во второй половине XIX века _e(Техн.-экон. структура) _eАвтореф. дис. на соиск. учен. степени канд. ист. наук _e(07.00.02) _fРост. гос. ун-т |
|
| 210 |
_aРостов-на-Дону _d1975 |
||
| 215 | _a33 с. | ||
| 320 | _aСписок работ авт. в конце текста (5 назв.) | ||
| 532 | 1 | 1 | _aЮжнороссийская промышленность во второй половине девятнадцатого века |
| 700 | 1 |
_7ca _8rus _aЛубский _bА. В. _f1947- _gАнатолий Владимирович _9158171 _3RU\NLR\AUTH\770158212 |
|
| 801 | 0 |
_aRU _bNLR _gpsbo |
|
| 801 | 1 |
_aRU _bELAR _2rusmarc |
|
| 852 |
_aNLR _j76-4/6466 |
||
| 942 | _cBOOK | ||